|
|
|
|
| LEADER |
00917pam a22002658a 4500 |
| 001 |
00023125 |
| 005 |
20171026081022.0 |
| 008 |
110609s2005 ||||||Viesd |
| 041 |
0 |
# |
|a Vie
|
| 082 |
1 |
4 |
|a 910.71
|b Đ452M
|
| 100 |
0 |
# |
|a Nguyễn Đức Vũ
|e Chủ biên
|
| 245 |
0 |
0 |
|a Đổi mới dạy học địa lý ở THCS
|c Nguyễn Đức Vũ; Phạm Thị Sen
|
| 260 |
# |
# |
|a H.
|b GD
|c 2005
|
| 300 |
# |
# |
|c 21 cm.
|a 167 tr.
|
| 650 |
# |
4 |
|a Giảng dạy
|
| 650 |
# |
4 |
|a Đổi mới
|
| 653 |
# |
# |
|a THCS
|
| 653 |
# |
# |
|a Địa lý
|
| 700 |
0 |
# |
|a Phạm Thị Sen
|
| 852 |
# |
# |
|b Kho giáo trình
|j KGT.0025754, KGT.0025755, KGT.0025756
|
| 852 |
# |
# |
|b Kho mượn
|j KGT.0025754
|
| 852 |
# |
# |
|b Kho đọc
|j KD.0009932
|
| 852 |
# |
# |
|j KGT.0025754
|j KGT.0025755
|j KD.0009932
|j KGT.0025756
|
| 910 |
0 |
# |
|a Bằng
|d 09/06/2011
|
| 980 |
# |
# |
|a Trung tâm Học liệu Lê Vũ Hùng, Trường Đại học Đồng Tháp
|